|
|
|
|
| LEADER |
00000cam a2200000 a 4500 |
| 001 |
vtls008394569 |
| 003 |
SK-MaSNL |
| 005 |
20260302015910.0 |
| 008 |
220511s1948 xo g 000 0 slo |
| 015 |
|
|
|a SNBA19451955-010311
|
| 035 |
|
|
|a SK01SNKBKSFS20020086786
|
| 035 |
|
|
|a urn:nbn:sk:snk-am3hwgc
|
| 035 |
|
|
|a 8A27B0F7-8A9E-4FFA-AB4F-794729D592FB
|
| 035 |
|
|
|a urn:nbn:sk:snk-am00dbfd
|
| 035 |
|
|
|a SKM000089249
|
| 040 |
|
|
|a SNK
|b slo
|c SNK
|e AACR2
|
| 041 |
0 |
|
|a slo
|
| 044 |
|
|
|a xo
|c SK
|
| 080 |
|
|
|a 885.4-3
|2 1981
|
| 100 |
1 |
|
|a Royová, Kristína,
|d 1860-1936
|4 aut
|9 87520
|
| 245 |
1 |
0 |
|a Šťastní ľudia
|c Kristína Royová
|
| 250 |
|
|
|a 3. vyd.
|
| 260 |
|
|
|a Stará Turá
|b Modrý kríž
|c 1948
|e Bratislava
|f Universum
|
| 300 |
|
|
|a 71, [3] s.
|c 21 cm
|
| 655 |
|
7 |
|a slovenské romány
|2 SNKPH
|9 70324
|
| 954 |
|
|
|a beletria pôvodná (slovenská)
|2 lita
|
| 958 |
|
|
|a RK
|
| 958 |
|
|
|a TL
|
| 958 |
|
|
|a LX
|
| 958 |
|
|
|a ONDV
|
| 999 |
|
|
|c 1023049
|d 1024979
|
| 952 |
|
|
|a SNK
|b SNK
|y VYP
|7 0
|p 17A1553848
|o snkSC 3948 D1
|i snkKSF 4294/56
|8 5
|0 0
|1 0
|4 0
|d 2024-10-16
|l 0
|r 2026-02-24 13:29:58
|w 2026-02-24
|
| 952 |
|
|
|a SNK
|b SNK
|y PREZ
|7 0
|p 17A0745653
|o snkSC 3948
|i snk5795/48
|0 0
|1 0
|4 0
|d 2018-10-24
|f 1
|l 0
|r 2025-06-25 00:00:00
|w 2026-02-24
|